|
|
|
|
| LEADER |
01719nam a2200421 i 4500 |
| 001 |
EBC5316193 |
| 003 |
MiAaPQ |
| 005 |
20200520144314.0 |
| 006 |
m o d | |
| 007 |
cr cnu|||||||| |
| 008 |
180323t20162016it ob 000 0 eng d |
| 020 |
|
|
|z 9788897419631
|
| 020 |
|
|
|a 9788897419648
|q (electronic bk.)
|
| 035 |
|
|
|a (MiAaPQ)EBC5316193
|
| 035 |
|
|
|a (Au-PeEL)EBL5316193
|
| 035 |
|
|
|a (CaPaEBR)ebr11521120
|
| 035 |
|
|
|a (OCoLC)962156370
|
| 040 |
|
|
|a MiAaPQ
|b eng
|e rda
|e pn
|c MiAaPQ
|d MiAaPQ
|
| 050 |
|
4 |
|a HD9665.5
|b .P437 2016
|
| 082 |
0 |
|
|a 338.476151
|2 23
|
| 245 |
0 |
0 |
|a Pharmaceutical market access in emerging markets /
|c editors, Guvenc Kockaya, Albert Wertheimer.
|
| 250 |
|
|
|a First edition.
|
| 264 |
|
1 |
|a Turin, Italy :
|b SEEd,
|c 2016.
|
| 264 |
|
4 |
|c 2016
|
| 300 |
|
|
|a 1 online resource (239 pages)
|
| 336 |
|
|
|a text
|2 rdacontent
|
| 337 |
|
|
|a computer
|2 rdamedia
|
| 338 |
|
|
|a online resource
|2 rdacarrier
|
| 504 |
|
|
|a Includes bibliographical references at the end of each chapters.
|
| 588 |
|
|
|a Description based on online resource; title from PDF title page (EBC, viewed March 22, 2018).
|
| 590 |
|
|
|a Electronic reproduction. Ann Arbor, MI : ProQuest, 2018. Available via World Wide Web. Access may be limited to ProQuest affiliated libraries.
|
| 650 |
|
0 |
|a Drugs
|x Marketing.
|
| 655 |
|
4 |
|a Electronic books.
|
| 700 |
1 |
|
|a Kockaya, Guvenc,
|e editor.
|
| 700 |
1 |
|
|a Wertheimer, Albert,
|e editor.
|
| 776 |
0 |
8 |
|i Print version:
|t Pharmaceutical market access in emerging markets.
|b First edition.
|d Turin, Italy : SEEd, c2016
|h viii, 230 pages
|z 9788897419631
|
| 797 |
2 |
|
|a ProQuest (Firm)
|
| 856 |
4 |
0 |
|u https://ebookcentral.proquest.com/lib/matrademy/detail.action?docID=5316193
|z Click to View
|